[Event "Petroupoli op 4th"]
[Site "Petroupoli"]
[Date "2012.05.19"]
[Round "7"]
[White "Ladas, Dimitrios"]
[Black "Lemonis, Kyriakos"]
[Result "1-0"]
[WhiteElo "1639"]
[BlackElo "1613"]
[PlyCount "51"]
[EventDate "2012.04.28"]
[EventType "swiss"]
[EventRounds "7"]
[EventCountry "GRE"]
[SourceTitle "CBM 148 Extra"]
[Source "ChessBase"]
[SourceDate "2012.06.22"]
[SourceVersion "1"]
[SourceVersionDate "2012.06.22"]
[SourceQuality "1"]

1. c4 e5 2. g3 f5 3. Bg2 Nf6 4. Nc3 d6 5. Nf3 Be7 6. d4 e4 7. Ng5 0-0 8. f3 h6 9. Nh3 exf3 10. exf3 Be6 11. Qe2 Bf7 12. 0-0 c6 13. Nf4 Re8 14. Qd3 g5 15. Nfe2 Kg7 16. Bh3 g4 17. Bg2 Qd7 18. Nf4 Na6 19. a3 Nc7 20. d5 cxd5 21. cxd5 Nh5 22. fxg4 Nxf4 23. Bxf4 fxg4 24. Bxh6+ Kxh6 25. Rxf7 Rh8 26. Qe3+ 1-0

[Event "GRE-ch U18"]
[Site "Nikaia"]
[Date "2012.01.09"]
[Round "9"]
[White "Kalofonos, Panayotis"]
[Black "Lemonis, Kyriakos"]
[Result "1/2-1/2"]
[WhiteElo "1761"]
[BlackElo "1619"]
[PlyCount "87"]
[EventDate "2012.01.03"]
[EventType "swiss"]
[EventRounds "9"]
[EventCountry "GRE"]
[SourceTitle "CBM 146 Extra"]
[Source "ChessBase"]
[SourceDate "2012.02.29"]
[SourceVersion "1"]
[SourceVersionDate "2012.02.29"]
[SourceQuality "1"]

1. e4 c5 2. Nf3 Nc6 3. d4 cxd4 4. Nxd4 g6 5. c4 Bg7 6. Be3 Nf6 7. Nc3 d6 8. Be2 0-0 9. 0-0 Bd7 10. Qd2 Nxd4 11. Bxd4 Bc6 12. f3 Nd7 13. Bxg7 Kxg7 14. Kh1 a5 15. b3 Nc5 16. Rab1 Qb6 17. Rfc1 Rfc8 18. Qd1 Qd8 19. a3 a4 20. b4 Nb3 21. Rc2 e5 22. b5 Be8 23. Nd5 Nd4 24. Rd2 Nb3 25. Rd3 Nc5 26. Rd2 Nb3 27. Rdb2 b6 28. Nc3 Nd4 29. Rb4 Ra5 30. Rxa4 Rxa4 31. Qxa4 Ra8 32. Qb4 Qc7 33. Bd3 Qc5 34. Qxc5 dxc5 35. a4 f6 36. Kg1 Bf7 37. Kf2 h5 38. Ke3 g5 39. Ra1 Nb3 40. Ra3 Na5 41. Nd5 Bxd5 42. exd5 Nb7 43. Ra1 Nd6 44. g3 1/2-1/2

[Event "GRE-ch U18"]
[Site "Nikaia"]
[Date "2012.01.04"]
[Round "2"]
[White "Lemonis, Kyriakos"]
[Black "Kouros, Ahileas"]
[Result "0-1"]
[WhiteElo "1619"]
[BlackElo "1322"]
[PlyCount "58"]
[EventDate "2012.01.03"]
[EventType "swiss"]
[EventRounds "9"]
[EventCountry "GRE"]
[SourceTitle "CBM 146 Extra"]
[Source "ChessBase"]
[SourceDate "2012.02.29"]
[SourceVersion "1"]
[SourceVersionDate "2012.02.29"]
[SourceQuality "1"]

1. d4 d5 2. Nf3 Nf6 3. e3 Bf5 4. c4 c6 5. Qb3 Qb6 6. Nc3 e6 7. Be2 dxc4 8. Bxc4 Nbd7 9. 0-0 Be7 10. Re1 Qxb3 11. Bxb3 Ne4 12. Nd2 Nxd2 13. Bxd2 0-0 14. e4 Bg6 15. d5 Nc5 16. dxc6 Nxb3 17. axb3 bxc6 18. Ra6 Rfb8 19. Rea1 Rxb3 20. Rxa7 Rxa7 21. Rxa7 Bf8 22. Bc1 Rb4 23. e5 Be4 24. f3 Bc5+ 25. Kh1 Bxa7 26. Nxe4 Bd4 27. g3 Bxe5 28. Nc5 Bd4 29. Nd3 Rb3 0-1

[Event "GRE-ch U18"]
[Site "Nikaia"]
[Date "2012.01.04"]
[Round "3"]
[White "Stavropoulos, Konstantinos"]
[Black "Lemonis, Kyriakos"]
[Result "1/2-1/2"]
[WhiteElo "1400"]
[BlackElo "1619"]
[PlyCount "53"]
[EventDate "2012.01.03"]
[EventType "swiss"]
[EventRounds "9"]
[EventCountry "GRE"]
[SourceTitle "CBM 146 Extra"]
[Source "ChessBase"]
[SourceDate "2012.02.29"]
[SourceVersion "1"]
[SourceVersionDate "2012.02.29"]
[SourceQuality "1"]

1. e4 c5 2. Nf3 d6 3. d4 cxd4 4. Nxd4 Nf6 5. Nc3 Nc6 6. Bc4 g6 7. f3 Bg7 8. Be3 Qb6 9. Bb5 Qc7 10. Qd2 a6 11. Nxc6 bxc6 12. Bc4 0-0 13. 0-0 Bb7 14. Qf2 d5 15. exd5 Nxd5 16. Bd4 Bh6 17. Nxd5 cxd5 18. Bd3 e5 19. Bc3 f5 20. Bd2 Bg7 21. c3 Kh8 22. Kh1 e4 23. Be2 Rad8 24. Be3 Rde8 25. Rfd1 exf3 26. Bxf3 Qf7 27. Bc5 1/2-1/2

[Event "Aegean op 34th"]
[Site "Aghios Kirykos"]
[Date "2011.07.13"]
[Round "6"]
[White "Lemonis, Kyriakos"]
[Black "Eijk, Yuri"]
[Result "1/2-1/2"]
[WhiteElo "1537"]
[BlackElo "2080"]
[PlyCount "118"]
[EventDate "2011.07.09"]
[EventType "swiss"]
[EventRounds "9"]
[EventCountry "GRE"]
[SourceTitle "CBM 143 Extra"]
[Source "ChessBase"]
[SourceDate "2011.08.29"]
[SourceVersion "1"]
[SourceVersionDate "2011.08.29"]
[SourceQuality "1"]

1. d4 d5 2. Nf3 Nf6 3. e3 Bf5 4. c4 c6 5. Nc3 e6 6. Nh4 Bg6 7. Nxg6 hxg6 8. g3 Nbd7 9. cxd5 exd5 10. Bg2 Bd6 11. 0-0 0-0 12. b3 Re8 13. Bb2 Nf8 14. Qc2 Ne6 15. Rad1 Ng5 16. Rfe1 Nge4 17. f3 Nxc3 18. Bxc3 Qb6 19. Qd2 a5 20. Kh1 Bb4 21. Qb2 Re7 22. a3 Bxc3 23. Qxc3 Rae8 24. Rd3 g5 25. g4 Qc7 26. Rd2 Re6 27. Rde2 Qb6 28. Rb1 Qc7 29. b4 axb4 30. axb4 Qe7 31. Rbe1 Ra8 32. Qc5 Ra4 33. Qxe7 Rxe7 34. b5 cxb5 35. Rb2 Rxd4 36. Rxb5 Rd3 37. e4 dxe4 38. fxe4 Nxg4 39. Rxg5 Ne5 40. Kg1 f6 41. Rg3 Rc7 42. Rxd3 Nxd3 43. Rd1 Rc1 44. Rxc1 Nxc1 45. e5 fxe5 46. Bxb7 Kf8 47. Kf2 Ke7 48. Ke3 Nb3 49. Bd5 Nc5 50. Kf3 Kf6 51. Kg4 Nd3 52. h4 Nf4 53. Be4 Ne6 54. Bb1 Nd4 55. Ba2 Ne6 56. Bb1 Nf8 57. Bf5 Ng6 58. Bc2 Nh8 59. Bb3 Ng6 1/2-1/2